Wszystkie miasta 3M na mapie świata - Statystyki

Ogólne statystyki
  • Ten quiz został rozwiązany 1 140 razy
  • Średni wynik to 53 z 170
Odpowiedzi na mapie
Odpowiedzi zakodowano w zielono-czerwonej skali na mapie do tego quizu, zgodnie z poniższymi procentami.
 
Statystyki odpowiedzi
miasto % Poprawnych
Berlin
89%
Moskwa
88%
Londyn
84%
Madryt
84%
Paryż
83%
Kijów
82%
Nowy Jork
81%
Rzym
81%
Barcelona
77%
Petersburg
77%
Tokio
75%
Pekin
73%
Ankara
72%
Ateny
72%
Stambuł
72%
Los Angeles
71%
Meksyk
71%
Kair
70%
Waszyngton
70%
Mediolan
69%
Neapol
67%
Sydney
67%
Miami
62%
Rio de Janeiro
62%
Buenos Aires
61%
Chicago
60%
Manchester
60%
Brasília
59%
Seul
58%
Dubaj
56%
Lima
56%
San Francisco
55%
Santiago
54%
Algier
53%
Bogota
53%
Delhi
53%
São Paulo
53%
Szanghaj
53%
Dżakarta
51%
Frankfurt
50%
Rijad
48%
Rotterdam
48%
Bangkok
47%
Kapsztad
47%
Aleksandria
46%
Birmingham
46%
Kolonia
46%
Singapur
45%
Toronto
45%
Bagdad
44%
Johannesburg
44%
Manila
44%
Osaka
44%
Zagłębie Ruhry
44%
Boston
42%
Caracas
42%
Damaszek
42%
Hongkong
42%
Melbourne
42%
Seattle
42%
Casablanca
41%
Dakar
40%
Lagos
40%
Mumbaj
40%
Nairobi
40%
Dallas
38%
Kuala Lumpur
38%
Kuwejt
37%
Rawalpindi
37%
Hanoi
36%
Kabul
36%
Addis Abeba
35%
Chartum
35%
Dhaka
34%
Tajpej
34%
Wuhan
34%
Filadelfia
33%
Houston
33%
Kanton
31%
Kinszasa
31%
Kolkata
31%
Montréal
31%
San Diego
31%
Atlanta
30%
Amman
29%
Detroit
28%
Gwatemala
28%
Denver
27%
Santo Domingo
27%
Phoenix
26%
Luanda
25%
Medellín
25%
Akra
24%
Guadalajara
21%
Kampala
21%
Karaczi
21%
Orlando
21%
Bamako
19%
Ho Chi Minh
19%
Kolombo
19%
Tampa
18%
Dar es Salaam
17%
Nagoja
17%
Xi'an
17%
Jaunde
16%
Monterrey
16%
Dżudda
15%
Minneapolis
15%
Abidżan
14%
Belo Horizonte
14%
Pusan
14%
Chengdu
13%
Durban
13%
Ćennaj
12%
Fortaleza
12%
Salvador
12%
Cleveland
11%
Kano
11%
Nankin
11%
Porto Alegre
11%
Chongqing
10%
Kurytyba
10%
Recife
10%
Harbin
9%
Rangun
9%
Urumczi
9%
Guayaquil
8%
Lahaur
8%
Tiencin
8%
Ćottogram
7%
Duala
7%
Hajdarabad
7%
Ibadan
7%
Puebla
7%
Surabaja
7%
Xiamen
7%
Ahmadabad
6%
Bengaluru
6%
Hangzhou
6%
Dalian
5%
Meszhed
5%
Pune
5%
Qingdao
5%
Surat
5%
Teehran
5%
Bandung
4%
Kunming
4%
Medan
4%
Nagpur
4%
Shenyang
4%
Changchun
3%
Changsha
3%
Fuzhou
3%
Jinan
3%
Lucknow
3%
Nanning
3%
Ningbo
3%
Shantou
3%
Wenzhou
3%
Zhengzhou
3%
Campinas
2%
Fajsalabad
2%
Hefei
2%
Jaipur
2%
Kanpur
2%
Nanchang
1%
Shijiazhuang
1%
Taiyuan
1%
Wuxi
1%
Zibo
1%
Nie znaleziono quizów pasujących do podanych kryteriów
Rozkład punktacji
Procent ludzi z każdym wynikiem
Percentyl według liczby udzielonych odpowiedzi
Twoja historia wyników
Nie rozwiązałeś tego quizu